[Event "Open Letni Praha 2017 - B"]
[Site "Praha"]
[Date "2017.08.10"]
[Round "8"]
[White "Fraczek, Weronika"]
[Black "Janacek, Jaroslav"]
[Result "1/2-1/2"]
[WhiteElo "1768"]
[BlackElo "2019"]
[PlyCount "209"]
[EventDate "2017.08.04"]

1. e4 d6 2. d4 Nf6 3. Nc3 g6 4. Bg5 Bg7 5. Qd2 h6 6. Bf4 g5 7. Bg3 Nh5 8. Nge2
Nc6 9. O-O-O e5 10. dxe5 Nxe5 11. Nd4 Bg4 12. f3 Nxg3 13. hxg3 Be6 14. Nxe6
fxe6 15. f4 Nf7 16. Nb5 a6 17. Nd4 Qf6 18. c3 c5 19. Nf3 O-O 20. Bd3 b5 21.
fxg5 Nxg5 22. Rdf1 Nxf3 23. gxf3 c4 24. Be2 Rad8 25. f4 Rf7 26. Qe3 Rb8 27. Rd1
Bf8 28. Rh4 a5 29. Qd4 Qxd4 30. cxd4 Bg7 31. Bg4 Re7 32. e5 d5 33. f5 exf5 34.
Bxf5 b4 35. g4 a4 36. Rh3 Rb6 37. Rg1 Bf8 38. g5 hxg5 39. Rxg5+ Rg7 40. Bh7+
Kf7 41. Rf3+ Ke7 42. Rxg7+ Bxg7 43. Bg8 Bh6+ 44. Kd1 Rg6 45. Bxd5 Rg4 46. Bxc4
Rxd4+ 47. Bd3 Bf4 48. Kc2 Ke6 49. Rh3 Kxe5 50. Rh5+ Kd6 51. Rh4 Kd5 52. Rh8 Bd6
53. Bb5 a3 54. bxa3 bxa3 55. Rh5+ Ke6 56. Rh6+ Ke7 57. Rh7+ Kf6 58. Rh3 Rf4 59.
Rd3 Ke5 60. Bd7 Bb4 61. Kb3 Bc5 62. Kc2 Rb4 63. Rb3 Rd4 64. Rd3 Rh4 65. Rc3 Bb4
66. Rg3 Rh2+ 67. Kb3 Be7 68. Re3+ Kf6 69. Ba4 Bc5 70. Rd3 Ke5 71. Kc4 Rh4+ 72.
Kb5 Bd4 73. Bb3 Bb2 74. Rd5+ Ke4 75. Rc5 Kd3 76. Bc2+ Kd2 77. Bb3 Bc3 78. Rc4
Rh8 79. Rc6 Rb8+ 80. Rb6 Rh8 81. Rc6 Rh3 82. Ka4 Bb2 83. Rc2+ Kd3 84. Rc5 Rh4+
85. Kb5 Bc3 86. Rd5+ Ke3 87. Bc4 Bb2 88. Rd3+ Ke4 89. Rd5 Rh8 90. Rd6 Be5 91.
Rc6 Kd4 92. Bb3 Rb8+ 93. Rb6 Rd8 94. Rc6 Bd6 95. Rc4+ Kd3 96. Rc6 Be5 97. Bc2+
Kd2 98. Bb3 Bd4 99. Rc2+ Kd3 100. Rc6 Rb8+ 101. Ka4 Ra8+ 102. Kb4 Kd2 103. Ba4
Bb2 104. Rc2+ Kd3 105. Rc5 1/2-1/2

[Event "Open Letni Praha 2017 - B"]
[Site "Praha"]
[Date "2017.08.10"]
[Round "8"]
[White "Modi, Yashil"]
[Black "Bonnez, Finn"]
[Result "0-1"]
[WhiteElo "1687"]
[BlackElo "1912"]
[PlyCount "78"]
[EventDate "2017.08.04"]

1. d4 c5 2. d5 Nf6 3. Nf3 g6 4. Nc3 d6 5. e4 Nbd7 6. Be2 Bg7 7. O-O O-O 8. Nd2
a6 9. a4 Ne8 10. f4 b6 11. Bd3 Nc7 12. Nf3 Bb7 13. Qe2 Rc8 14. Nd1 e6 15. dxe6
fxe6 16. c4 d5 17. e5 b5 18. b3 bxc4 19. bxc4 dxc4 20. Bxc4 Nb6 21. Nb2 Nbd5
22. Nd3 Qe7 23. Ng5 Na8 24. a5 Nac7 25. Ne4 Nb5 26. Bxb5 axb5 27. Nd6 c4 28.
Nxc8 Rxc8 29. Nf2 Ba8 30. Be3 Nc3 31. Qc2 b4 32. Bd4 Qb7 33. Ng4 Nb5 34. Rfd1
b3 35. Qf2 c3 36. a6 Qc6 37. Ne3 c2 38. Nxc2 bxc2 39. Rf1 Nxd4 0-1

[Event "Open Letni Praha 2017 - B"]
[Site "Praha"]
[Date "2017.08.10"]
[Round "8"]
[White "Paseka, Christian"]
[Black "Burdov, Petr"]
[Result "1-0"]
[WhiteElo "1766"]
[BlackElo "1479"]
[PlyCount "120"]
[EventDate "2017.08.04"]

1. d4 d5 2. c4 Nf6 3. cxd5 Nxd5 4. e4 Nf6 5. Nc3 e6 6. a3 Be7 7. Nf3 Nbd7 8. h3
a6 9. Be3 h6 10. Bd3 c6 11. O-O Qc7 12. Rc1 Qd8 13. Qd2 Nh7 14. Rfd1 Ng5 15.
Nxg5 hxg5 16. f3 O-O 17. Bc2 f5 18. exf5 exf5 19. Qd3 Nf6 20. Bxg5 Nh7 21. Bxe7
Qxe7 22. Re1 Qh4 23. Re2 Ng5 24. Qe3 Qg3 25. Kh1 Bd7 26. f4 Ne4 27. Nxe4 Qxe3
28. Rxe3 fxe4 29. Rxe4 Bf5 30. Bb3+ Kh7 31. Re5 Bg6 32. g3 Rae8 33. Bc2 Bxc2
34. Rxc2 Rd8 35. Rd2 Rd7 36. b4 Rfd8 37. Re4 b6 38. Rc2 Rd6 39. Kg2 a5 40. bxa5
bxa5 41. Rc5 a4 42. Rc4 Ra8 43. Kf3 Ra5 44. Re5 Rb5 45. Rxa4 Rb3+ 46. Re3 Rb1
47. f5 Rd5 48. g4 Rb7 49. Rc4 Rb6 50. Re6 Rb3+ 51. Kf4 Rd7 52. h4 Rxa3 53. g5
Ra8 54. Rexc6 Rad8 55. h5 Rxd4+ 56. Rxd4 Rxd4+ 57. Ke5 Rd1 58. Rc7 Re1+ 59. Kd6
Re8 60. Rd7 Rd8 1-0

[Event "Open Letni Praha 2017 - B"]
[Site "Praha"]
[Date "2017.08.10"]
[Round "8"]
[White "Novotny, Martin"]
[Black "Anatskiy, Alexey"]
[Result "1/2-1/2"]
[WhiteElo "1824"]
[BlackElo "1975"]
[PlyCount "107"]
[EventDate "2017.08.04"]

1. d4 d5 2. c4 c6 3. Nf3 Nf6 4. Nc3 a6 5. cxd5 cxd5 6. Bg5 e6 7. e3 Be7 8. Bd3
O-O 9. O-O Nbd7 10. a4 h6 11. Bh4 b6 12. Qe2 Bb7 13. Rac1 Re8 14. Bg3 Nh5 15.
Be5 Nxe5 16. Nxe5 Nf6 17. f4 Nd7 18. Qh5 Rf8 19. Rf3 Nf6 20. Qh3 Ne4 21. Bxe4
dxe4 22. Rg3 Kh7 23. f5 Bh4 24. Rg4 Bf6 25. fxe6 Bxe5 26. dxe5 fxe6 27. Ra1 Qc7
28. Qh5 Rf5 29. Qg6+ Kh8 30. Qxe6 Raf8 31. Qd6 Qf7 32. Rf4 Rxf4 33. exf4 Qxf4
34. Qd4 b5 35. e6 Qc7 36. Nxe4 Qc2 37. e7 Re8 38. Re1 Kh7 39. Nd2 Qc6 40. Nf3
Qc7 41. Qd3+ Kh8 42. Ne5 Qc5+ 43. Qe3 Qxe3+ 44. Rxe3 Kg8 45. axb5 axb5 46. Nf3
Bxf3 47. gxf3 Kf7 48. Re5 Rxe7 49. Rxb5 Re2 50. Rb6 Rd2 51. b4 Rb2 52. b5 h5
53. Rb8 Kg6 54. b6 1/2-1/2

[Event "Open Letni Praha 2017 - B"]
[Site "Praha"]
[Date "2017.08.10"]
[Round "8"]
[White "Karlsson, Peter"]
[Black "Korenek, Frantisek"]
[Result "0-1"]
[WhiteElo "1764"]
[BlackElo "2075"]
[PlyCount "98"]
[EventDate "2017.08.04"]

1. e4 c5 2. b4 cxb4 3. d4 e6 4. a3 bxa3 5. Bxa3 Bxa3 6. Rxa3 Nf6 7. Bd3 d6 8.
Nf3 Nc6 9. O-O O-O 10. c3 e5 11. d5 Nb8 12. Nbd2 Nbd7 13. Nb3 Qc7 14. c4 Nc5
15. Nxc5 Qxc5 16. Qb3 Nd7 17. Qc3 Qc7 18. Nd2 Nc5 19. Bc2 Bd7 20. Rfa1 b6 21.
h3 g6 22. Qg3 a5 23. h4 h5 24. Bd1 Kh7 25. Rb1 Rab8 26. Rba1 f6 27. f4 exf4 28.
Qxf4 Rbe8 29. Bf3 Re5 30. Kh2 Kg7 31. Rg1 g5 32. Qe3 g4 33. Bd1 Be8 34. Bc2 Bg6
35. Rf1 f5 36. Raa1 Qd8 37. g3 fxe4 38. Rxf8 Qxf8 39. Rf1 Rf5 40. Qd4+ Qf6 41.
Qg1 Rxf1 42. Nxf1 Qc3 43. Qf2 e3 44. Nxe3 Bxc2 45. Nxc2 Ne4 46. Qd4+ Qxd4 47.
Nxd4 a4 48. Nb5 Kf6 49. Kg2 Ke5 0-1

[Event "Open Letni Praha 2017 - B"]
[Site "Praha"]
[Date "2017.08.10"]
[Round "8"]
[White "Kraus, Ondrej"]
[Black "Kubik, Jaroslav"]
[Result "1/2-1/2"]
[WhiteElo "1997"]
[BlackElo "1810"]
[PlyCount "87"]
[EventDate "2017.08.04"]

1. d4 Nf6 2. Nf3 e6 3. c4 Bb4+ 4. Nc3 O-O 5. Qc2 Bxc3+ 6. Qxc3 d6 7. Bg5 h6 8.
Bf4 Nbd7 9. e3 Re8 10. h3 b6 11. O-O-O Ne4 12. Qc2 Bb7 13. Ne1 e5 14. Bh2 exd4
15. Rxd4 a5 16. f3 Nec5 17. Qf2 Ne5 18. Bxe5 Rxe5 19. Nd3 Nxd3+ 20. Bxd3 Qe7
21. Rg4 Re8 22. Qg3 Rg5 23. Re1 Rxg4 24. Qxg4 Qe5 25. Qd7 Qe7 26. Qa4 Bc8 27.
Qc6 Qd7 28. Be4 Qxc6 29. Bxc6 Re5 30. Bd5 Bd7 31. f4 Rh5 32. Rh1 c6 33. g4 Rh4
34. Bg2 Kf8 35. Kd2 f6 36. Bf3 f5 37. gxf5 Bxf5 38. Bg2 Be6 39. Kd3 g5 40. Rf1
gxf4 41. Rxf4+ Rxf4 42. exf4 Ke7 43. h4 c5 44. Bc6 1/2-1/2

[Event "Open Letni Praha 2017 - B"]
[Site "Praha"]
[Date "2017.08.10"]
[Round "8"]
[White "Birkestrand, Odd H"]
[Black "Fragnaud, Jean-Guy"]
[Result "0-1"]
[WhiteElo "1640"]
[BlackElo "1934"]
[PlyCount "76"]
[EventDate "2017.08.04"]

1. d4 Nf6 2. Bf4 g6 3. e3 Bg7 4. c3 c5 5. Nd2 b6 6. Bd3 Bb7 7. Ngf3 O-O 8. h4
d6 9. Bg5 Nbd7 10. Rg1 Re8 11. e4 Qc7 12. g4 e5 13. d5 Bxd5 14. Bxf6 Nxf6 15.
g5 Nh5 16. exd5 e4 17. Nxe4 f5 18. gxf6 Nxf6 19. Nfd2 c4 20. Bc2 Re5 21. Qf3
Rf8 22. Qg2 Nxd5 23. O-O-O Nf4 24. Qf1 d5 25. Ng3 b5 26. Nf3 Re7 27. Nd4 b4 28.
Nge2 bxc3 29. Nxc3 Qb6 30. Na4 Qc7 31. Kb1 Rb8 32. Rd2 c3 33. Rd3 Qc4 34. b3
Qxa4 35. Kc1 Nxd3+ 36. Bxd3 Qxd4 37. h5 Qf4+ 38. Kd1 Qd2# 0-1

[Event "Open Letni Praha 2017 - B"]
[Site "Praha"]
[Date "2017.08.11"]
[Round "9"]
[White "Benes, Petr"]
[Black "Klyuev, Vasily"]
[Result "1-0"]
[WhiteElo "1994"]
[BlackElo "1921"]
[PlyCount "95"]
[EventDate "2017.08.04"]

1. Nf3 d5 2. g3 Nf6 3. Bg2 Bf5 4. O-O e6 5. b3 Nbd7 6. Bb2 Be7 7. d3 O-O 8.
Nbd2 h6 9. e3 c5 10. Qe2 Qc7 11. Rac1 e5 12. e4 dxe4 13. dxe4 Bg4 14. h3 Bxf3
15. Bxf3 a6 16. Nc4 b5 17. Ne3 Nb6 18. c4 Nbd7 19. h4 bxc4 20. bxc4 Nb8 21. Nd5
Nxd5 22. cxd5 Nd7 23. Bg4 Nf6 24. Bh3 h5 25. Rc4 Rfb8 26. Rfc1 Rb5 27. Ba3 Rab8
28. Kg2 Qa5 29. R1c3 Ne8 30. Qc2 Nd6 31. Ra4 Qb6 32. Bxc5 Qd8 33. Ba3 Ne8 34.
Bxe7 Qxe7 35. Rb3 Rc5 36. Rc4 Rcb5 37. Rc6 Rxb3 38. axb3 Qb4 39. Rxa6 Nd6 40.
f3 f5 41. Bxf5 Nxf5 42. exf5 Qd4 43. f6 Qe3 44. fxg7 e4 45. Qxe4 Qxe4 46. fxe4
Kxg7 47. e5 Rxb3 48. Ra7+ 1-0

[Event "Open Letni Praha 2017 - B"]
[Site "Praha"]
[Date "2017.08.11"]
[Round "9"]
[White "Atnilov, Boris"]
[Black "Bonnez, Finn"]
[Result "1-0"]
[WhiteElo "2029"]
[BlackElo "1912"]
[PlyCount "79"]
[EventDate "2017.08.04"]

1. e4 d6 2. d4 g6 3. Nc3 Bg7 4. f4 Nf6 5. Nf3 O-O 6. Be2 c6 7. O-O b6 8. a3 Bb7
9. Bc4 d5 10. exd5 cxd5 11. Bb3 e6 12. Ne5 Nc6 13. Be3 Rc8 14. Qf3 Na5 15. Ba2
Qe7 16. Qh3 Nc4 17. Bxc4 dxc4 18. Rae1 Ne8 19. d5 exd5 20. Nxd5 Qd8 21. Nc3 Nd6
22. Rd1 Qc7 23. Rd2 Rcd8 24. Bf2 Nf5 25. Nb5 Qb8 26. Re2 Bd5 27. c3 f6 28. Ng4
a6 29. Nd4 Nxd4 30. Bxd4 h5 31. Ne3 Bf7 32. g4 Qc8 33. f5 hxg4 34. Nxg4 Rd6 35.
Rg2 Rxd4 36. cxd4 Qd8 37. fxg6 Bxg6 38. Nh6+ Bxh6 39. Qxh6 Qxd4+ 40. Kh1 1-0

[Event "Open Letni Praha 2017 - B"]
[Site "Praha"]
[Date "2017.08.11"]
[Round "9"]
[White "Wu, Mengxian"]
[Black "Smelykh, Edvin"]
[Result "1-0"]
[WhiteElo "1862"]
[BlackElo "1776"]
[PlyCount "109"]
[EventDate "2017.08.04"]

1. d4 Nf6 2. Nf3 e6 3. g3 b6 4. Bg2 Bb7 5. O-O Be7 6. c4 O-O 7. Nc3 Na6 8. a3
Ne4 9. Nxe4 Bxe4 10. b4 c6 11. Bf4 Nc7 12. Qb3 b5 13. Qe3 f5 14. Bxc7 Qxc7 15.
c5 Bf6 16. Ne5 Bd5 17. Rac1 a5 18. Bxd5 exd5 19. Qc3 Rfe8 20. f4 Ra7 21. e3
Bxe5 22. fxe5 g6 23. g4 fxg4 24. Qb3 axb4 25. axb4 Rea8 26. Qd1 Ra3 27. Qxg4
Rxe3 28. Qf4 Re4 29. Ra1 Rxf4 30. Rxa8+ Kg7 31. Rxf4 Qb7 32. Ra2 Qb8 33. Kg2
Qd8 34. Rf6 Qc8 35. Kg3 Qb8 36. h4 Qb7 37. Ra3 Qb8 38. Rd6 Qb7 39. Rf6 Qb8 40.
Kf4 Qb7 41. h5 Qb8 42. hxg6 hxg6 43. Kg5 Qd8 44. Ra7 Qe7 45. Kg4 Kh6 46. Ra8
Kg7 47. Kg5 Kh7 48. Ra3 Kg7 49. Rh3 Qd8 50. Rh6 Qe7 51. Rhxg6+ Kh7 52. Kf5 Qe8
53. Rh6+ Kg7 54. Rfg6+ Kf7 55. Rh7+ 1-0

[Event "Open Letni Praha 2017 - B"]
[Site "Praha"]
[Date "2017.08.11"]
[Round "9"]
[White "Korenek, Frantisek"]
[Black "Novotny, Martin"]
[Result "1/2-1/2"]
[WhiteElo "2075"]
[BlackElo "1824"]
[PlyCount "71"]
[EventDate "2017.08.04"]

1. e4 c5 2. Nf3 g6 3. c3 d5 4. exd5 Qxd5 5. d4 Bg7 6. Be3 cxd4 7. Nxd4 Nf6 8.
Qb3 Qxb3 9. axb3 Nd5 10. Nb5 Nxe3 11. fxe3 Na6 12. Nd2 O-O 13. Bc4 Bd7 14. Ke2
Bc6 15. Nf3 e6 16. Nbd4 Bxf3+ 17. gxf3 Nc5 18. b4 Nd7 19. Ra5 Nb6 20. Bb3 Rfd8
21. Rha1 a6 22. b5 axb5 23. Rxa8 Rxa8 24. Rxa8+ Nxa8 25. Nxb5 Be5 26. h3 Nc7
27. Nxc7 Bxc7 28. Kd3 Kf8 29. Ba4 Ke7 30. b4 f6 31. c4 g5 32. c5 h5 33. Bd1 h4
34. Kc4 f5 35. b5 b6 36. Bc2 1/2-1/2

[Event "Open Letni Praha 2017 - B"]
[Site "Praha"]
[Date "2017.08.11"]
[Round "9"]
[White "Janacek, Jaroslav"]
[Black "Navaratnam, Rohan Shan Tze"]
[Result "1-0"]
[WhiteElo "2019"]
[BlackElo "1701"]
[PlyCount "68"]
[EventDate "2017.08.04"]

1. Nf3 d5 2. c4 e6 3. g3 c5 4. b3 Nf6 5. Bg2 Bd6 6. e3 b6 7. O-O Bb7 8. Qe2 O-O
9. Bb2 Nbd7 10. Rd1 dxc4 11. bxc4 Rc8 12. Nc3 a6 13. Rac1 Qc7 14. d3 Rfd8 15.
Rd2 Ng4 16. Ng5 Nge5 17. f4 Ng6 18. Nce4 Qc6 19. Qh5 Ndf8 20. Kh1 Rc7 21. h4
Be7 22. Qe2 f6 23. Nf3 Nh8 24. h5 Nf7 25. g4 e5 26. fxe5 Nxe5 27. Nxe5 fxe5 28.
Bxe5 Rcd7 29. Rf1 Ne6 30. h6 b5 31. Qf3 Kh8 32. hxg7+ Nxg7 33. Bxg7+ Kxg7 34.
Qf7+ Kh8 1-0

[Event "Open Letni Praha 2017 - B"]
[Site "Praha"]
[Date "2017.08.11"]
[Round "9"]
[White "Stanek, Vaclav"]
[Black "Paseka, Christian"]
[Result "0-1"]
[WhiteElo "1580"]
[BlackElo "1766"]
[PlyCount "120"]
[EventDate "2017.08.04"]

1. e4 c5 2. Nf3 d6 3. d4 cxd4 4. Nxd4 Nf6 5. Bd3 Nc6 6. c3 a6 7. Bg5 e5 8. Nf3
Be7 9. O-O h6 10. Bh4 O-O 11. Nbd2 Rb8 12. Bg3 Bg4 13. Qc2 Nh5 14. h3 Nxg3 15.
fxg3 Be6 16. Nc4 Rc8 17. Qe2 b5 18. Ne3 Qb6 19. Kh2 Na5 20. Nd5 Bxd5 21. exd5
Qb7 22. Rad1 f5 23. Bb1 Qd7 24. Nh4 Bxh4 25. gxh4 Rf6 26. g4 e4 27. gxf5 Nc4
28. Bxe4 Re8 29. b3 Ne5 30. Qg2 Qf7 31. Rc1 Qc7 32. Rg1 Re7 33. Qe2 Ref7 34. h5
Qc5 35. Rc2 Rxf5 36. Bxf5 Rxf5 37. Rg3 Qxd5 38. Rd2 Qc6 39. Rd1 Nf3+ 40. Rxf3
Rxf3 41. Rd3 Rf6 42. Re3 Qc5 43. Re8+ Kh7 44. Kg2 Qd5+ 45. Qe4+ Qxe4+ 46. Rxe4
Rf5 47. Rd4 d5 48. a4 bxa4 49. Rxa4 Rf6 50. Rd4 Rc6 51. Rxd5 Rxc3 52. Rd6 Rxb3
53. Rxa6 Rb5 54. Kg3 Rxh5 55. h4 Rd5 56. Kg4 h5+ 57. Kf4 g6 58. Re6 Kg7 59. Ra6
Rd4+ 60. Kg5 Rg4# 0-1

[Event "Open Letni Praha 2017 - B"]
[Site "Praha"]
[Date "2017.08.11"]
[Round "9"]
[White "Fraczek, Weronika"]
[Black "Ragaa, Hassan"]
[Result "0-1"]
[WhiteElo "1768"]
[BlackElo "2019"]
[PlyCount "156"]
[EventDate "2017.08.04"]

1. e4 d5 2. exd5 Nf6 3. d4 Bg4 4. Bb5+ Nbd7 5. f3 Bf5 6. Nc3 a6 7. Ba4 b5 8.
Bb3 Nb6 9. Nge2 Nfxd5 10. Nxd5 Nxd5 11. O-O e6 12. Ng3 Bg6 13. f4 c6 14. f5
exf5 15. Nxf5 Bxf5 16. Rxf5 Qd7 17. Bxd5 cxd5 18. Qf3 Rd8 19. Bg5 f6 20. Rxf6
gxf6 21. Bxf6 Rg8 22. Re1+ Be7 23. Qh5+ Kf8 24. Qh6+ Kf7 25. Bxe7 Rxg2+ 26. Kh1
Qf5 27. Bxd8 Re2 28. Qxh7+ Qxh7 29. Rxe2 Qf5 30. Kg2 Qg4+ 31. Kf1 Qxd4 32. c3
Qd3 33. a3 Kg6 34. Ke1 d4 35. cxd4 Qxd4 36. Ba5 Qh4+ 37. Kd1 Qa4+ 38. Kc1 Qxa5
39. Kb1 Qa4 40. Rg2+ Kf5 41. Rg3 Qd1+ 42. Ka2 Qd5+ 43. Ka1 Qh1+ 44. Ka2 Qxh2
45. Rc3 Qf2 46. Rc8 Ke5 47. Re8+ Kd4 48. Rd8+ Kc4 49. Rc8+ Kd3 50. Re8 Kc4 51.
Rc8+ Kd5 52. Rd8+ Kc6 53. Rc8+ Kb7 54. Rc1 a5 55. Kb1 b4 56. axb4 axb4 57. b3
Qd2 58. Rc2 Qd1+ 59. Kb2 Kb6 60. Rc1 Qd4+ 61. Kb1 Kb5 62. Rc2 Qa7 63. Rg2 Qh7+
64. Rc2 Qh1+ 65. Rc1 Qf3 66. Kb2 Qa8 67. Rb1 Qa3+ 68. Kc2 Kc5 69. Rd1 Qa2+ 70.
Kc1 Qxb3 71. Rd2 Qa3+ 72. Kb1 b3 73. Rd5+ Kc6 74. Rd2 Qb4 75. Re2 Kb5 76. Re5+
Ka4 77. Re8 Qb7 78. Rh8 Qe4+ 0-1

[Event "Open Letni Praha 2017 - B"]
[Site "Praha"]
[Date "2017.08.11"]
[Round "9"]
[White "Fragnaud, Jean-Guy"]
[Black "Bugaets, Daniil"]
[Result "1-0"]
[WhiteElo "1934"]
[BlackElo "1515"]
[PlyCount "107"]
[EventDate "2017.08.04"]

1. d4 Nf6 2. Nf3 g6 3. g3 Bg7 4. Bg2 O-O 5. O-O d5 6. c4 dxc4 7. Nc3 c6 8. a4
Na6 9. Ne5 Nc7 10. Nxc4 Ncd5 11. e4 Nxc3 12. bxc3 c5 13. Bb2 cxd4 14. cxd4 Bg4
15. Qd2 Rc8 16. Rfc1 Be6 17. d5 Bd7 18. Qb4 b6 19. Ne5 Rxc1+ 20. Rxc1 Ne8 21.
Nc6 Bxc6 22. dxc6 Bxb2 23. Qxb2 Qc7 24. h4 Ng7 25. e5 Rd8 26. Rc4 Ne6 27. a5
Nc5 28. f4 Rd1+ 29. Kh2 Qd8 30. Rc2 Qc7 31. Qc3 Rd3 32. Qb4 Rb3 33. Qe1 Rd3 34.
h5 Rd8 35. Qe2 Ne6 36. Qe3 Ng7 37. hxg6 hxg6 38. Rb2 Rb8 39. Rd2 Rd8 40. Rb2
Rb8 41. Qe4 Rd8 42. Qc4 Nf5 43. Qa6 Rb8 44. Rd2 Ne3 45. Rd7 Qc8 46. Qxc8+ Rxc8
47. c7 Kg7 48. Bb7 Rh8+ 49. Kg1 Nc4 50. Rd8 Rxd8 51. cxd8=Q Nxa5 52. Bd5 e6 53.
Ba2 Kh7 54. Qd7 1-0

[Event "Open Letni Praha 2017 - B"]
[Site "Praha"]
[Date "2017.08.11"]
[Round "9"]
[White "Rouda Essa, Alserkal"]
[Black "Zacek, Petr"]
[Result "1/2-1/2"]
[WhiteElo "1250"]
[BlackElo "1914"]
[PlyCount "95"]
[EventDate "2017.08.04"]

1. e4 e6 2. d4 d5 3. e5 c5 4. c3 Nc6 5. Nf3 Qb6 6. Be2 Bd7 7. O-O cxd4 8. cxd4
Nge7 9. Na3 Nf5 10. Nc2 Be7 11. Qd2 O-O 12. g4 Nh6 13. h3 Kh8 14. Bd3 Ng8 15.
Qe2 f6 16. g5 fxe5 17. Nxe5 Nxe5 18. dxe5 Be8 19. Be3 Bc5 20. Bxc5 Qxc5 21. Qg4
Qb6 22. Nd4 Bf7 23. Nb5 Ne7 24. Nd6 Bg8 25. g6 h6 26. b3 Nc6 27. Qh5 Qd4 28.
Rad1 Qxe5 29. Qxe5 Nxe5 30. Nxb7 Nxd3 31. Rxd3 Rf6 32. Rg3 Re8 33. a4 e5 34.
Na5 Rb8 35. Rc1 Rbb6 36. Kf1 Rxg6 37. Rxg6 Rxg6 38. Nc6 Be6 39. Nxa7 Bxh3+ 40.
Ke2 Rb6 41. Rc3 Bd7 42. Nc8 Rb8 43. Ne7 d4 44. Rg3 Be6 45. Ng6+ Kg8 46. Nxe5
Rxb3 47. Rxb3 Bxb3 48. a5 1/2-1/2